Statistics for Maine Multiple Choice Quiz

Click here to take the quiz!

General Stats

  • This quiz has been taken 25 times
  • The average score is 7 of 10

Answer Stats

QuestionAnswer% Correct
What is the capital city of Maine?Augusta
100%
In what year was Maine admitted to the union?1820
88%
What famous author was born in Portland, Maine?Stephen King
88%
What kind of tree is displayed on the Great Seal and the Maine State flag?A Pine Tree
82%
What New England state borders Maine on the west?New Hampshire
82%
Which of these is a nickname for Maine?The Pine Tree State
82%
What is the official state cat of Maine?Coon Cat
65%
What is the motto of Maine?I Direct
59%
"Did you ever see a place that was built to enjoy? Well, the whole state of Maine looks this way." Who said this?Will Rogers
53%
What is the highest point in Maine?West Peak (4,150 feet)
24%

Score Distribution

Percentile by Number Answered

Percent of People with Each Score

Your Score History

You have not taken this quiz